000 00692cam a2200265 4500
001 J60424
008 000000n2000 000 0 eng u
035 _a(Sirsi) u104580
041 _aeng
050 _a333.33016
110 _aInvestment Property Databank
_92288
245 _aIPD UK monthly index - January - December 2000
260 _aLondon
_bIPD
_c2000
300 _a12pt. ; 30cm.
650 _aCAPITAL VALUES
650 _aINDUSTRIAL PROPERTY
650 _aOFFICES
650 _aPROPERTY INDICES
650 _aRENTS
650 _aRETAIL PROPERTY
650 _aYIELDS
690 _aPROPERTY-COMMERCIAL PROPERTY
856 _uhttps://www.ipdindex.co.uk
942 _n0
999 _c100264
_d100264